Statistics for Hello in 15 Languages #2!

Click here to take the quiz!

General Stats

  • This quiz has been taken 663 times
  • The average score is 5 of 15

Answer Stats

HintAnswer% Correct
AlohaHawaiian
80%
Annyeong haseyoKorean
63%
CzescPolish
51%
Xin chaoVietnamese
45%
MerhabaTurkish
42%
HalloAfrikaans
41%
HallaSwedish
34%
Kia oraMaori
24%
Dia duitIrish
22%
Chum reap sourKhmer
19%
AloRomanian
19%
SawubonaZulu
16%
HaloIndonesian
14%
HyaloBengali
7%
MoloXhosa
6%

Score Distribution

Percentile by Number Answered

Percent of People with Each Score

Your Score History

You have not taken this quiz